[Event "Heusenstamm Schloss op"]
[Site "Heusenstamm"]
[Date "2023.11.24"]
[Round "2"]
[White "Held, Costa"]
[Black "Klein, Deniz"]
[Result "1/2-1/2"]
[WhiteElo "1699"]
[BlackElo "1565"]
[PlyCount "66"]
[EventDate "2023.11.23"]
[EventType "swiss"]
[EventRounds "7"]
[EventCountry "GER"]
[SourceTitle "CB50_2023"]
[SourceDate "2023.12.13"]
[SourceVersion "1"]
[SourceVersionDate "2023.12.13"]
[SourceQuality "1"]

1. d4 Nf6 2. c4 e6 3. Nc3 Bb4 4. Nf3 c5 5. e3 b6 6. Bd3 Bb7 7. 0-0 0-0 8. Nb5 cxd4 9. a3 Be7 10. exd4 a6 11. Nc3 d5 12. Be3 dxc4 13. Bxc4 b5 14. Ba2 Nd5 15. Rc1 Nd7 16. Nxd5 exd5 17. Qd3 Nb6 18. Bb1 f5 19. Ne5 Nc4 20. Qe2 Rc8 21. Qh5 Qe8 22. Qh3 Nxe5 23. dxe5 Qf7 24. Rxc8 Bxc8 25. Rc1 Qe6 26. Bd4 h6 27. f4 b4 28. Qg3 bxa3 29. bxa3 Bd7 30. Bd3 Bxa3 31. Ra1 Qe7 32. e6 Bc5 33. Qf2 Bxd4 1/2-1/2

[Event "Heusenstamm Schloss op"]
[Site "Heusenstamm"]
[Date "2023.11.24"]
[Round "3"]
[White "Klein, Deniz"]
[Black "Meyer Jany, Marcel"]
[Result "1/2-1/2"]
[WhiteElo "1565"]
[BlackElo "1778"]
[PlyCount "63"]
[EventDate "2023.11.23"]
[EventType "swiss"]
[EventRounds "7"]
[EventCountry "GER"]
[SourceTitle "CB50_2023"]
[SourceDate "2023.12.13"]
[SourceVersion "1"]
[SourceVersionDate "2023.12.13"]
[SourceQuality "1"]

1. c4 c6 2. g3 d5 3. Nf3 Nf6 4. Bg2 dxc4 5. Qc2 g6 6. Na3 Nbd7 7. Nxc4 Bg7 8. 0-0 0-0 9. d3 Nb6 10. b3 Bg4 11. Bb2 Qc8 12. Rfd1 Bh3 13. Kh1 Nxc4 14. bxc4 Rd8 15. Rab1 Be6 16. Be5 Ne8 17. Bxg7 Nxg7 18. Qb2 Rb8 19. a4 f6 20. Qa3 c5 21. Rb5 b6 22. Rdb1 Bd7 23. R5b3 Bc6 24. a5 Qc7 25. axb6 Rxb6 26. Qxc5 Ne6 27. Qe3 Bxf3 28. Rxb6 Ng5 29. Bxf3 Nxf3 30. Qxf3 axb6 31. Qe3 Rd6 32. Qd2 1/2-1/2

[Event "GER-chT U12"]
[Site "Muenchen"]
[Date "2022.12.28"]
[Round "3"]
[White "Rokhmanova, Vitalina"]
[Black "Klein, Deniz"]
[Result "1/2-1/2"]
[WhiteElo "1312"]
[BlackElo "1362"]
[PlyCount "41"]
[EventDate "2022.12.26"]
[EventType "team-swiss"]
[EventRounds "7"]
[EventCountry "GER"]
[SourceTitle "CBM 212 Extra"]
[Source "ChessBase"]
[SourceDate "2023.03.31"]
[SourceVersion "1"]
[SourceVersionDate "2023.03.31"]
[SourceQuality "1"]
[WhiteTeam "Dresden Striesen"]
[BlackTeam "Kaiserslautern"]
[WhiteTeamCountry "GER"]
[BlackTeamCountry "GER"]

1. e4 c5 2. c3 d6 3. d4 cxd4 4. cxd4 Nf6 5. Bd3 g6 6. b3 Bg7 7. Bb2 0-0 8. Nf3 Bg4 9. Nbd2 Nfd7 10. h3 Bxf3 11. Nxf3 a6 12. 0-0 Nc6 13. a3 Qb6 14. Be2 e6 15. Rb1 Nf6 16. Qd3 Rac8 17. Rfc1 Rfe8 18. b4 Qd8 19. Bc3 d5 20. e5 Nd7 21. a4 1/2-1/2

[Event "GER-chT U12"]
[Site "Muenchen"]
[Date "2022.12.27"]
[Round "2"]
[White "Klein, Deniz"]
[Black "Merenda, Lukas Benedikt"]
[Result "1/2-1/2"]
[WhiteElo "1362"]
[BlackElo "1502"]
[PlyCount "93"]
[EventDate "2022.12.26"]
[EventType "team-swiss"]
[EventRounds "7"]
[EventCountry "GER"]
[SourceTitle "CBM 212 Extra"]
[Source "ChessBase"]
[SourceDate "2023.03.31"]
[SourceVersion "1"]
[SourceVersionDate "2023.03.31"]
[SourceQuality "1"]
[WhiteTeam "Kaiserslautern"]
[BlackTeam "Muenchen SF"]
[WhiteTeamCountry "GER"]
[BlackTeamCountry "GER"]

1. c4 Nf6 2. g3 g6 3. Bg2 Bg7 4. Nc3 0-0 5. e3 d6 6. Nge2 e5 7. 0-0 c6 8. d4 Be6 9. d5 Bg4 10. Qc2 Bxe2 11. Qxe2 Nfd7 12. Rd1 c5 13. e4 Nb6 14. b3 Nc8 15. Be3 Ne7 16. Qd2 f5 17. Bg5 a6 18. Bxe7 Qxe7 19. Re1 Nd7 20. Rad1 Rf7 21. Qd3 Raf8 22. Bh3 Kh8 23. Rd2 f4 24. Rc2 Qg5 25. Bg2 f3 26. Bh3 Qh5 27. Be6 Re7 28. Re3 Bh6 29. Re1 Rf6 30. Nd1 Nf8 31. Ne3 Nxe6 32. dxe6 Rfxe6 33. Rc3 Rf7 34. Qf1 Bxe3 35. Rexe3 g5 36. h3 g4 37. h4 Rd7 38. Red3 Qg6 39. Qe1 Qe8 40. Rc2 Qd8 41. Kf1 Kg7 42. Qd2 Rg6 43. Rb2 b5 44. Rc2 Qb6 45. Ke1 Qc6 46. Rd5 b4 47. Rb2 1/2-1/2